00276nam a2200097Ia 4500008004000000082001300040100004100053245004200094260003400136300000800170210210b1959 xxu||||| |||| 00| 0 eng d a510 ALLF aALLENDOERFER (C B) and OAKLEY (C O). aFundamentals of freshman mathematics. aNYbMcGraw Hill Book Coc1959 a475